=LDR 00000nam 2200000 4500 =001 INLIS000000000025597 =005 20200624074221 =035 ##$$a 0010-061300000025597 =008 200624################g##########0#ind## =041 ##$$a Ind =082 ##$$a 2x4 =090 ##$$a 2x4 Ina t =100 ##$$a Inayah, Gazi =245 1#$$a Teori komprehensip tentang zakat dan pajak /$c Gazi Inayah =260 ##$$a Yogyakarta :$b Tiara Wacana Yogya,$c 2003 =300 ##$$a xxi, 286 hlm. ; $c 21 x 15 cm. =650 #4$$a Fikih =850 ##$$a NBPNMAT =020 ##$$a 979-9340-45-4 =084 ##$$a 2x4 INA t =250 ##$$a cet. 1 =990 ##$$a 1038363 =990 ##$$a 00092327 =990 ##$$a 1038366 =990 ##$$a 1038363 =990 ##$$a 00092327 =990 ##$$a 1038366